Asia Pacific office market overview (Record no. 107311)
[ view plain ]
| 000 -LEADER | |
|---|---|
| fixed length control field | 01257cad a22002295a 4500 |
| 001 - CONTROL NUMBER | |
| control field | L139527 |
| 008 - FIXED-LENGTH DATA ELEMENTS--GENERAL INFORMATION | |
| fixed length control field | 070730s2007 xxkd f s 000 0 eng d |
| 035 ## - SYSTEM CONTROL NUMBER | |
| System control number | (Sirsi) u139527 |
| 041 0# - LANGUAGE CODE | |
| Language code of text/sound track or separate title | eng |
| 050 04 - LIBRARY OF CONGRESS CALL NUMBER | |
| Classification number | 333.337 $2 18 |
| 110 2# - MAIN ENTRY--CORPORATE NAME | |
| Corporate name or jurisdiction name as entry element | Colliers International Property Consultants |
| 9 (RLIN) | 1881 |
| 245 00 - TITLE STATEMENT | |
| Title | Asia Pacific office market overview |
| Medium | [electronic resource] |
| 260 ## - PUBLICATION, DISTRIBUTION, ETC. | |
| Place of publication, distribution, etc. | [S.l.] |
| Name of publisher, distributor, etc. | Colliers |
| Date of publication, distribution, etc. | 2007 |
| 490 #0 - SERIES STATEMENT | |
| Series statement | Colliers Asia Pacific Office Market Overview |
| Volume/sequential designation | July 2007 |
| 520 ## - SUMMARY, ETC. | |
| Summary, etc. | Reveals that the majority of office occupiers took on extra office space during the second quarter of 2007, even though a general slowdown in global economic growth was predicted for 2007. Overall, the office market in Asia Pacific region continued to experience an increase in rentals during the second quarter 2007. Predicts that demand for prime office space will continue to grow over the next 12 months, especially when the world's major economies recover momentum. |
| 590 ## - LOCAL NOTE (RLIN) | |
| Local note | KA |
| 650 24 - SUBJECT ADDED ENTRY--TOPICAL TERM | |
| Topical term or geographic name entry element | COLLIERS ASIA PACIFIC OFFICE MARKET OVERVIEW |
| 651 #4 - SUBJECT ADDED ENTRY--GEOGRAPHIC NAME | |
| Geographic name | Asia Pacific |
| 690 ## - LOCAL SUBJECT ADDED ENTRY--TOPICAL TERM (OCLC, RLIN) | |
| Topical term or geographic name as entry element | PROPERTY-COMMERCIAL PROPERTY-COMMERCIAL PROPERTY MARKET |
| 856 40 - ELECTRONIC LOCATION AND ACCESS | |
| Uniform Resource Identifier | <a href="https://www.colliers.com">https://www.colliers.com</a> |
| Public note | View the market overview free of charge at www.colliers.com... |
| 942 ## - ADDED ENTRY ELEMENTS (KOHA) | |
| Suppress in OPAC | 0 |
| Withdrawn status | Lost status | Source of classification or shelving scheme | Damaged status | Not for loan | Home library | Current library | Shelving location | Date acquired | Total Checkouts | Full call number | Barcode | Date last seen | Copy number | Price effective from | Koha item type |
|---|---|---|---|---|---|---|---|---|---|---|---|---|---|---|---|
| Dewey Decimal Classification | Virtual | Virtual | Online | 30/07/2007 | ONLINE PUBLICATION | 139527-2001 | 06/08/2019 | 1 | 06/08/2019 | Book |